[Event "4th GRENKE Open 2019"]
[Site "Karlsruhe"]
[Date "2019.04.19"]
[Round "3.45"]
[White "Blom, Vincent"]
[Black "Petrov, Martin"]
[Result "0-1"]
[WhiteElo "2298"]
[BlackElo "2465"]
[Annotator "RC"]
[PlyCount "88"]
[EventDate "2019.04.18"]
[EventType "swiss"]
[EventCountry "GER"]
[SourceTitle "playchess.com"]
[Source "ChessBase"]
[SourceQuality "1"]

1. d4 Nf6 2. Nf3 e6 3. Bf4 d5 4. e3 c5 5. c3 Nc6 6. Nbd2 Bd6 7. Bg3 O-O 8. Bd3 b6 9. O-O Bb7 10. Ne5 Rc8 11. f4 Ne7 12. Qb1 g6 13. Bf2 cxd4 14. exd4 Nf5 15. Qe1 Be7 16. g4 Nd6 17. Bh4 Nfe4 18. Bxe7 Qxe7 19. g5 f6 20. gxf6 Rxf6 21. Ng4 Rff8 22. Rc1 Kh8 23. Nf3 Rxf4 24. Nge5 Rcf8 25. Rc2 Nc4 26. Rg2 Ba6 27. Bxc4 Bxc4 28. Nxc4 dxc4 29. Nd2 Rxf1+ 30. Nxf1 Qf6 31. Nd2 Nxd2 32. Rxd2 Qg5+ 33. Rg2 Qf4 34. h3 Rf6 35. Qe2 b5 36. a4 a6 37. a5 Kg7 38. Qe1 Qc7 39. Kh1 Qxa5 40. Qe5 Qd8 41. Kg1 Qd5 42. Qc7+ Rf7 43. Qg3 Qe4 44. Qd6 Qe3+ 0-1

[Event "4th GRENKE Open 2019"]
[Site "Karlsruhe"]
[Date "2019.04.19"]
[Round "3.46"]
[White "Ronka, Erik"]
[Black "Kevlishvili, Robby"]
[Result "0-1"]
[WhiteElo "2288"]
[BlackElo "2451"]
[Annotator "TA"]
[PlyCount "124"]
[EventDate "2019.04.18"]
[EventType "swiss"]
[EventCountry "GER"]
[SourceTitle "playchess.com"]
[Source "ChessBase"]
[SourceQuality "1"]

1. e4 c5 2. Nf3 d6 3. d4 cxd4 4. Nxd4 Nf6 5. Nc3 a6 6. f3 e5 7. Nb3 Be6 8. Be3 h5 9. Nd5 Bxd5 10. exd5 Nbd7 11. Be2 g6 12. Qd2 Bg7 13. c4 b6 14. Rc1 O-O 15. O-O Re8 16. Na1 Kh7 17. Nc2 Ng8 18. g4 Bh6 19. g5 Bg7 20. Nb4 Ne7 21. Bd3 Nc5 22. Be4 Qd7 23. Nc6 a5 24. Nxe7 Rxe7 25. b3 Qc8 26. Kh1 Rc7 27. Qe2 Kg8 28. Qg2 Qe8 29. Qe2 Rb8 30. Rc2 Bf8 31. Rfc1 Be7 32. Rb1 Qd8 33. Qd2 Rbc8 34. Rbc1 Qd7 35. Qe2 Bd8 36. Kg2 Rb8 37. h3 Be7 38. Kh2 Rbc8 39. Kg2 Rb7 40. Kh2 Bd8 41. Bd2 b5 42. cxb5 Rxb5 43. Be3 Rbb8 44. Rc4 Bb6 45. R1c3 Kg7 46. Bb1 Qb7 47. Qd1 Nd7 48. Bc1 Bd4 49. Rxc8 Rxc8 50. Rxc8 Qxc8 51. Ba3 Bc5 52. Bb2 Be3 53. h4 Qc5 54. Be4 Bxg5 55. Bxe5+ Nxe5 56. hxg5 Qf2+ 57. Kh1 Qh4+ 58. Kg2 Qxg5+ 59. Kf1 h4 60. Qe2 f5 61. Bc2 h3 62. a3 h2 0-1

[Event "4th GRENKE Open 2019"]
[Site "Karlsruhe"]
[Date "2019.04.19"]
[Round "3.47"]
[White "Kristensen, Kaare Hove"]
[Black "Mesaros, Florian"]
[Result "1/2-1/2"]
[WhiteElo "2259"]
[BlackElo "2447"]
[Annotator "ChessBase"]
[PlyCount "137"]
[EventDate "2019.04.18"]
[EventType "swiss"]
[EventCountry "GER"]
[SourceTitle "playchess.com"]
[Source "ChessBase"]
[SourceQuality "1"]

1. d4 Nf6 2. c4 e6 3. Nc3 Bb4 4. f3 Nc6 5. e3 e5 6. d5 Bxc3+ 7. bxc3 Ne7 8. d6 cxd6 9. Qxd6 Qa5 10. Qb4 Nc6 11. Qxa5 Nxa5 12. Ba3 d5 13. cxd5 Nxd5 14. Bb5+ Bd7 15. Rd1 Nb6 16. Bxd7+ Nxd7 17. Nh3 Nc4 18. Bc1 Ke7 19. Ke2 Rhd8 20. Nf2 Nc5 21. Rxd8 Rxd8 22. Rd1 Rc8 23. Nd3 Na4 24. Bd2 Nxd2 25. Kxd2 e4 26. Nb4 Rd8+ 27. Kc2 Rxd1 28. Kxd1 exf3 29. gxf3 Nxc3+ 30. Kd2 Nb5 31. Kd3 Kd6 32. Kc4 Nc7 33. e4 Ne6 34. Nd3 f6 35. f4 g5 36. e5+ fxe5 37. fxe5+ Kc6 38. Nb4+ Kd7 39. Nd5 h6 40. Nf6+ Kc6 41. a4 Nc5 42. Ng8 Nxa4 43. Nxh6 Nc5 44. Nf5 b5+ 45. Kb4 Nd3+ 46. Ka5 Kc5 47. e6 Nb4 48. e7 Nc6+ 49. Ka6 Nxe7 50. Nxe7 b4 51. Nf5 b3 52. Ng3 b2 53. Ne4+ Kd4 54. Nd2 Kd3 55. Nb1 g4 56. Kb5 Kc2 57. Na3+ Kb3 58. Nb1 Kc2 59. Na3+ Kd1 60. Ka5 Kd2 61. Kb5 Kc1 62. Ka6 b1=Q 63. Nxb1 Kxb1 64. Kxa7 Kc2 65. Kb6 Kd2 66. Kc5 Ke2 67. Kd4 Kf2 68. Ke4 Kg2 69. Kf4 1/2-1/2

[Event "4th GRENKE Open 2019"]
[Site "Karlsruhe"]
[Date "2019.04.19"]
[Round "3.48"]
[White "Arjun Kalyan"]
[Black "Groetzbach, Julian"]
[Result "1-0"]
[WhiteElo "2445"]
[BlackElo "2250"]
[Annotator "ChessBase"]
[PlyCount "69"]
[EventDate "2019.04.18"]
[EventType "swiss"]
[EventCountry "GER"]
[SourceTitle "playchess.com"]
[Source "ChessBase"]
[SourceQuality "1"]

1. e4 c5 2. Nf3 e6 3. d4 cxd4 4. Nxd4 Nc6 5. Nc3 Qc7 6. g3 a6 7. Bg2 Nf6 8. O-O h5 9. h3 Bc5 10. Nxc6 bxc6 11. e5 Qxe5 12. Bf4 Qd4 13. Qe2 Be7 14. Be5 Qa7 15. Rfd1 d5 16. Na4 Kf8 17. c4 Nd7 18. Bc3 Qb8 19. h4 Nc5 20. Nxc5 Bxc5 21. Rac1 Bd6 22. Bf3 f6 23. Kg2 Be5 24. cxd5 cxd5 25. Bxh5 Bb7 26. Bf3 Qd6 27. Ba5 Qd7 28. h5 d4 29. Bc7 Bxc7 30. Bxb7 Ra7 31. Bc6 Qd6 32. Bf3 Qe5 33. Qc4 Ke7 34. Rxd4 Qb5 35. Qxc7+ 1-0

[Event "4th GRENKE Open 2019"]
[Site "Karlsruhe"]
[Date "2019.04.19"]
[Round "3.49"]
[White "Garriga Cazorla, Pere"]
[Black "Rossi, Aldo A"]
[Result "1-0"]
[WhiteElo "2445"]
[BlackElo "2249"]
[Annotator "RC"]
[PlyCount "73"]
[EventDate "2019.04.18"]
[EventType "swiss"]
[EventCountry "GER"]
[SourceTitle "playchess.com"]
[Source "ChessBase"]
[SourceQuality "1"]

1. d4 c5 2. d5 Nf6 3. c4 Ne4 4. Qc2 Qa5+ 5. Nd2 Nd6 6. e4 e5 7. Ngf3 f6 8. a3 Qc7 9. Be2 a6 10. O-O g6 11. b4 b6 12. Ne1 Nf7 13. Nd3 Bh6 14. g3 d6 15. f4 O-O 16. bxc5 bxc5 17. Rb1 Ra7 18. f5 Kg7 19. Kg2 Rb7 20. Rxb7 Qxb7 21. Nf2 Bd7 22. Ng4 Qc8 23. h3 Qd8 24. Qc3 gxf5 25. exf5 Bxd2 26. Bxd2 Kh8 27. Qc2 Bc8 28. Nf2 Nd7 29. Ne4 Nb6 30. Kh2 Nd7 31. g4 Rg8 32. h4 h6 33. Qc1 Qf8 34. Kg3 Qg7 35. Kf2 Nb6 36. Ke1 Bd7 37. g5 1-0

[Event "4th GRENKE Open 2019"]
[Site "Karlsruhe"]
[Date "2019.04.19"]
[Round "3.50"]
[White "Nebolsina, Vera"]
[Black "Fedorovsky, Michael"]
[Result "1/2-1/2"]
[WhiteElo "2242"]
[BlackElo "2442"]
[Annotator "TA"]
[PlyCount "41"]
[EventDate "2019.04.18"]
[EventType "swiss"]
[EventCountry "GER"]
[SourceTitle "playchess.com"]
[Source "ChessBase"]
[SourceQuality "1"]

1. e4 c5 2. Nc3 Nc6 3. Bb5 Nd4 4. Nf3 Nxb5 5. Nxb5 d5 6. exd5 a6 7. Nc3 Nf6 8. Ne5 b5 9. Qe2 b4 10. Na4 Qxd5 11. Nb6 Qxg2 12. Rf1 Rb8 13. Nxc8 Rxc8 14. Qxa6 Rd8 15. d3 Qd5 16. Bf4 g5 17. Qb5+ Nd7 18. Nxd7 Rxd7 19. Qb8+ Rd8 20. Qb5+ Rd7 21. Qb8+ 1/2-1/2

[Event "4th GRENKE Open 2019"]
[Site "Karlsruhe"]
[Date "2019.04.19"]
[Round "3.51"]
[White "Carre, Sylvain"]
[Black "Froewis, Georg"]
[Result "0-1"]
[WhiteElo "2224"]
[BlackElo "2438"]
[Annotator "ChessBase"]
[PlyCount "72"]
[EventDate "2019.04.18"]
[EventType "swiss"]
[EventCountry "GER"]
[SourceTitle "playchess.com"]
[Source "ChessBase"]
[SourceQuality "1"]

1. d4 e6 2. Bf4 c5 3. e3 Nf6 4. c3 Nc6 5. Nf3 d5 6. Nbd2 cxd4 7. exd4 Nh5 8. Bg5 f6 9. Be3 Bd6 10. g3 O-O 11. Bd3 g6 12. c4 Nb4 13. Bb1 dxc4 14. Nxc4 Be7 15. Bh6 Re8 16. g4 Ng7 17. h4 e5 18. a3 e4 19. Bxe4 Bf8 20. Qe2 Qe7 21. Nfe5 fxe5 22. axb4 exd4 23. Bd5+ Kh8 24. Qxe7 Rxe7+ 25. Kf1 Bxg4 26. Nb6 Rd8 27. Rxa7 Re5 28. Bxb7 d3 29. Nc4 Re2 30. f3 Nf5 31. Bg5 Ng3+ 32. Kg1 Bg7 33. fxg4 Bd4+ 34. Be3 d2 35. Ra1 Bxe3+ 36. Nxe3 Nxh1 0-1

[Event "4th GRENKE Open 2019"]
[Site "Karlsruhe"]
[Date "2019.04.19"]
[Round "3.52"]
[White "Shyam Prasad Reddy K"]
[Black "Carow, Johannes"]
[Result "0-1"]
[WhiteElo "2215"]
[BlackElo "2434"]
[Annotator "ChessBase"]
[PlyCount "178"]
[EventDate "2019.04.18"]
[EventType "swiss"]
[EventCountry "GER"]
[SourceTitle "playchess.com"]
[Source "ChessBase"]
[SourceQuality "1"]

1. e4 c6 2. d4 d5 3. exd5 cxd5 4. c4 Nf6 5. Nc3 Nc6 6. Bg5 e6 7. Nf3 Be7 8. Be2 O-O 9. O-O dxc4 10. Bxc4 b6 11. Qd2 Bb7 12. Rad1 Rc8 13. Rfe1 Na5 14. Be2 Nd5 15. Bxe7 Qxe7 16. Nxd5 Bxd5 17. b3 Qb7 18. Rc1 Rxc1 19. Qxc1 Rc8 20. Qf4 Nc6 21. h3 Nb4 22. Qd6 a5 23. a3 Na2 24. Bc4 Nc3 25. Re3 Ne4 26. Qf4 Nf6 27. Ne5 b5 28. Bf1 Be4 29. Ng4 Nxg4 30. Qxe4 Qxe4 31. Rxe4 Nf6 32. Re5 b4 33. axb4 axb4 34. Rb5 Kf8 35. Bc4 Rd8 36. Rxb4 Rxd4 37. Rb7 Ne4 38. Be2 Rd2 39. Bf3 Nxf2 40. Rb4 e5 41. Kf1 g6 42. Be2 Nh1 43. Ke1 Rd7 44. Re4 Re7 45. Re3 f5 46. b4 f4 47. Rb3 Rb7 48. Bf3 e4 49. Bxe4 Re7 50. b5 Ng3 51. b6 Nxe4 52. Kd1 Rb7 53. Rb4 Nc3+ 54. Kd2 Nd5 55. Rd4 Nxb6 56. Rxf4+ Kg7 57. Rb4 Rd7+ 58. Ke2 Nd5 59. Rb2 Nc3+ 60. Kf3 Rf7+ 61. Kg3 Nd5 62. Rd2 Nf6 63. Kh2 Re7 64. Rf2 Nd5 65. Rd2 Re5 66. Kg3 Kf6 67. Rf2+ Rf5 68. Rd2 Ne3 69. Rd6+ Kg5 70. h4+ Kh5 71. Rd7 Kh6 72. Re7 Nd5 73. Rb7 Nf6 74. Kh3 g5 75. g4 Rf3+ 76. Kg2 Rf4 77. Kh3 Rxg4 78. Rf7 Rxh4+ 79. Kg3 Rf4 80. Kg2 Kg6 81. Ra7 h5 82. Ra5 h4 83. Ra3 g4 84. Kg1 Rb4 85. Kf2 Kf5 86. Ra5+ Kf4 87. Ra3 Rb2+ 88. Ke1 Ne4 89. Ra4 h3 0-1

[Event "4th GRENKE Open 2019"]
[Site "Karlsruhe"]
[Date "2019.04.19"]
[Round "3.53"]
[White "Boev, Viktor"]
[Black "Raja Harshit"]
[Result "1/2-1/2"]
[WhiteElo "2182"]
[BlackElo "2432"]
[Annotator "ChessBase"]
[PlyCount "89"]
[EventDate "2019.04.18"]
[EventType "swiss"]
[EventCountry "GER"]
[SourceTitle "playchess.com"]
[Source "ChessBase"]
[SourceQuality "1"]

1. e4 c5 2. Nf3 d6 3. Bb5+ Nd7 4. O-O a6 5. Bd3 Ngf6 6. c3 e6 7. Bc2 b5 8. d4 Bb7 9. Re1 Be7 10. Nbd2 cxd4 11. cxd4 Rc8 12. Nf1 O-O 13. Ng3 Qc7 14. Bd3 Rfd8 15. Bd2 Qb6 16. a4 Ra8 17. Qe2 Bc6 18. Ba5 Qxa5 19. axb5 Qb6 20. bxc6 Qxc6 21. Rxa6 Rxa6 22. Bxa6 d5 23. e5 Ne8 24. Bb5 Qb7 25. Rb1 Nc7 26. Bxd7 Rxd7 27. Qd3 Na6 28. Ne2 Rc7 29. Nc3 Rc4 30. b3 Rc6 31. Na2 Nb4 32. Nxb4 Qxb4 33. g3 Rc3 34. Qd1 h6 35. Kg2 Bd8 36. Ra1 Be7 37. Rb1 Bd8 38. Ng1 Rc8 39. Ne2 Ra8 40. Qc2 Bb6 41. Rd1 Ra3 42. Rd3 Qe1 43. Rd1 Qb4 44. Rd3 Qe1 45. Rd1 1/2-1/2

[Event "4th GRENKE Open 2019"]
[Site "Karlsruhe"]
[Date "2019.04.19"]
[Round "3.54"]
[White "Lagunow, Raphael"]
[Black "Zolfagharian, Kevin"]
[Result "1-0"]
[WhiteElo "2428"]
[BlackElo "2192"]
[Annotator "ChessBase"]
[PlyCount "57"]
[EventDate "2019.04.18"]
[EventType "swiss"]
[EventCountry "GER"]
[SourceTitle "playchess.com"]
[Source "ChessBase"]
[SourceQuality "1"]

1. e4 c5 2. Nf3 Nc6 3. d4 cxd4 4. Nxd4 Nf6 5. Nc3 d6 6. Bg5 e6 7. Qd2 Be7 8. O-O-O O-O 9. f4 Nxd4 10. Qxd4 Qa5 11. Qd3 a6 12. Qf3 Bd7 13. Bd3 Bc6 14. Kb1 b5 15. Qh3 e5 16. fxe5 dxe5 17. Nd5 Bxd5 18. exd5 h6 19. Bxf6 Bxf6 20. Qf5 Rfd8 21. d6 Kf8 22. Qh7 g6 23. Rhf1 Bg7 24. Bxg6 Ra7 25. Bxf7 Rxf7 26. Rxf7+ Kxf7 27. Rf1+ Ke6 28. Qxg7 Kxd6 29. Rd1+ 1-0

[Event "4th GRENKE Open 2019"]
[Site "Karlsruhe"]
[Date "2019.04.19"]
[Round "3.55"]
[White "Gilevych, Artem"]
[Black "Tscharotschkin, Michael"]
[Result "1-0"]
[WhiteElo "2423"]
[BlackElo "2179"]
[Annotator "ChessBase"]
[PlyCount "71"]
[EventDate "2019.04.18"]
[EventType "swiss"]
[EventCountry "GER"]
[SourceTitle "playchess.com"]
[Source "ChessBase"]
[SourceQuality "1"]

1. e4 e6 2. d4 d5 3. exd5 exd5 4. c4 Nf6 5. Nc3 Be7 6. Nf3 O-O 7. cxd5 Nxd5 8. Bc4 Nb6 9. Bb3 c6 10. O-O Bg4 11. h3 Bh5 12. g4 Bg6 13. Ne5 N8d7 14. Nxg6 hxg6 15. Re1 Nf6 16. Bg5 Re8 17. Qf3 Nfd5 18. Nxd5 Nxd5 19. Bxd5 cxd5 20. Bxe7 Rxe7 21. Rxe7 Qxe7 22. Qxd5 Rd8 23. Qc4 Qe4 24. Rd1 Rd6 25. b3 Qf3 26. Qd3 Qd5 27. Re1 f5 28. Re8+ Kh7 29. Qg3 g5 30. Qd3 a5 31. Re7 b6 32. gxf5 Rc6 33. Qe4 Rc1+ 34. Kg2 Qb5 35. Rxg7+ Kxg7 36. Qe7+ 1-0

[Event "4th GRENKE Open 2019"]
[Site "Karlsruhe"]
[Date "2019.04.19"]
[Round "3.56"]
[White "Inkiov, Ventzislav"]
[Black "Jansen, Bob"]
[Result "1-0"]
[WhiteElo "2421"]
[BlackElo "2178"]
[Annotator "ChessBase"]
[PlyCount "71"]
[EventDate "2019.04.18"]
[EventType "swiss"]
[EventCountry "GER"]
[SourceTitle "playchess.com"]
[Source "ChessBase"]
[SourceQuality "1"]

1. d4 Nf6 2. c4 c5 3. e3 e6 4. Nc3 cxd4 5. exd4 d5 6. Nf3 Be7 7. Bd3 dxc4 8. Bxc4 O-O 9. O-O Nbd7 10. Bd3 b6 11. Qe2 Bb7 12. Bg5 Re8 13. Rad1 Nf8 14. Ne5 Nd5 15. Bc1 f6 16. Nf3 Bd6 17. Rfe1 Rc8 18. Bd2 Bb8 19. h4 Qd6 20. Ne4 Nf4 21. Qf1 Qd5 22. Bxf4 Bxf4 23. Ba6 Qd7 24. Bxb7 Qxb7 25. Nc3 b5 26. Qxb5 Qxb5 27. Nxb5 Rc2 28. d5 Rxb2 29. a4 Bb8 30. Nbd4 e5 31. Nc6 Bd6 32. Rd2 Rb7 33. Rc2 Nd7 34. Nfd4 Kf7 35. Nb5 Bb8 36. Nxb8 1-0

[Event "4th GRENKE Open 2019"]
[Site "Karlsruhe"]
[Date "2019.04.19"]
[Round "3.57"]
[White "Low, Zhen Yu Cyrus"]
[Black "Boehm, Juergen"]
[Result "1-0"]
[WhiteElo "2418"]
[BlackElo "2163"]
[Annotator "ChessBase"]
[PlyCount "111"]
[EventDate "2019.04.18"]
[EventType "swiss"]
[EventCountry "GER"]
[SourceTitle "playchess.com"]
[Source "ChessBase"]
[SourceQuality "1"]

1. e4 c5 2. Nf3 g6 3. c4 Nc6 4. d4 cxd4 5. Nxd4 Bg7 6. Be3 Nf6 7. Nc3 Ng4 8. Qxg4 Nxd4 9. Qd1 e5 10. Nb5 d6 11. Be2 Nxb5 12. cxb5 Be6 13. O-O O-O 14. Qa4 Qd7 15. Rfd1 Rfd8 16. Rac1 a6 17. Qb4 axb5 18. Bxb5 Qe7 19. a3 Bf8 20. Bc4 Rdc8 21. Rc3 Bxc4 22. Rxc4 Rxc4 23. Qxc4 Ra6 24. h3 Rc6 25. Qb3 Kg7 26. Rd5 Rc7 27. Rb5 f6 28. Bb6 Rd7 29. a4 Qf7 30. Rd5 f5 31. exf5 gxf5 32. f4 Kh8 33. Qd3 Bg7 34. Rxd6 Rxd6 35. Qxd6 exf4 36. Qb8+ Qf8 37. Qxf8+ Bxf8 38. Kf2 Kg7 39. Bc7 Kf6 40. Bxf4 Ke6 41. Ke3 Kd5 42. Kd3 Bg7 43. b3 Bd4 44. Be3 Be5 45. Bd2 Bd4 46. Bb4 Bf6 47. Bf8 Be5 48. b4 Bf6 49. Bc5 Bd8 50. Bd4 Be7 51. Bc3 Bd8 52. a5 Bc7 53. b5 Kc5 54. a6 bxa6 55. bxa6 Kb6 56. Ba5+ 1-0

[Event "4th GRENKE Open 2019"]
[Site "Karlsruhe"]
[Date "2019.04.19"]
[Round "3.58"]
[White "Kopylov, Michael"]
[Black "Siddharth, Jagadeesh"]
[Result "1-0"]
[WhiteElo "2414"]
[BlackElo "2132"]
[Annotator "ChessBase"]
[PlyCount "51"]
[EventDate "2019.04.18"]
[EventType "swiss"]
[EventCountry "GER"]
[SourceTitle "playchess.com"]
[Source "ChessBase"]
[SourceQuality "1"]

1. d4 Nf6 2. c4 e6 3. g3 d5 4. Bg2 dxc4 5. Nf3 Be7 6. O-O Nc6 7. Qa4 O-O 8. Qxc4 Na5 9. Qc2 c5 10. dxc5 Nc6 11. Bf4 Nb4 12. Qc4 Nbd5 13. Nc3 Bd7 14. Ne5 Rc8 15. b4 Nxf4 16. Qxf4 Qc7 17. Nxd7 Qxf4 18. gxf4 Nxd7 19. Rfd1 Nf6 20. Nb5 a5 21. a3 axb4 22. axb4 b6 23. Na7 Rc7 24. cxb6 Rc4 25. Nc6 Bxb4 26. b7 1-0

[Event "4th GRENKE Open 2019"]
[Site "Karlsruhe"]
[Date "2019.04.19"]
[Round "3.59"]
[White "Jacob, Volker"]
[Black "Gokerkan, Cem Kaan"]
[Result "1/2-1/2"]
[WhiteElo "2162"]
[BlackElo "2413"]
[Annotator "ChessBase"]
[PlyCount "109"]
[EventDate "2019.04.18"]
[EventType "swiss"]
[EventCountry "GER"]
[SourceTitle "playchess.com"]
[Source "ChessBase"]
[SourceQuality "1"]

1. d4 Nf6 2. c4 g6 3. Nc3 Bg7 4. e4 d6 5. Nge2 a6 6. Ng3 Nbd7 7. Be2 c6 8. a4 h5 9. h4 a5 10. Be3 O-O 11. O-O e5 12. d5 Nc5 13. Bg5 Qc7 14. Ra3 Ra6 15. Qc2 Nh7 16. Bc1 Qe7 17. Rd1 Rd8 18. Na2 cxd5 19. cxd5 Ra8 20. Nc3 Qxh4 21. Nb5 b6 22. Re1 Nf6 23. Bf3 Ng4 24. Nf1 Ba6 25. g3 Qe7 26. Ne3 Nxe3 27. Bxe3 Rac8 28. Qd1 Qd7 29. Nc3 Rf8 30. Be2 Bb7 31. Qb1 f5 32. exf5 gxf5 33. Bxh5 Ba6 34. Be2 Bxe2 35. Rxe2 f4 36. Bxc5 f3 37. Re3 Rxc5 38. Qg6 Qh3 39. Qe6+ Qxe6 40. dxe6 d5 41. e7 Re8 42. Rxf3 Rxe7 43. Rd3 d4 44. Ne4 Rc1+ 45. Kg2 Re1 46. f3 Re2+ 47. Kh3 Rxb2 48. Rdb3 Rxb3 49. Rxb3 Re6 50. Kg4 Bh6 51. Kf5 Kf7 52. Rb5 Ke7 53. Rxe5 Rxe5+ 54. Kxe5 d3 55. f4 1/2-1/2

[Event "4th GRENKE Open 2019"]
[Site "Karlsruhe"]
[Date "2019.04.19"]
[Round "3.60"]
[White "Ahlander, Bjorn"]
[Black "Schaub, Marc"]
[Result "1-0"]
[WhiteElo "2410"]
[BlackElo "1947"]
[Annotator "ChessBase"]
[PlyCount "32"]
[EventDate "2019.04.18"]
[EventType "swiss"]
[EventCountry "GER"]
[SourceTitle "playchess.com"]
[Source "ChessBase"]
[SourceQuality "1"]

1. d4 d5 2. c4 e6 3. Nc3 Bb4 4. Nf3 Nf6 5. e3 O-O 6. Bd3 dxc4 7. Bxc4 c5 8. O-O cxd4 9. exd4 h6 10. Qe2 a6 11. Rd1 b5 12. Bd3 Bb7 13. Bf4 Bd6 14. Ne5 Nbd7 15. Nxf7 Rxf7 16. Bxd6 Nb8 1-0

[Event "4th GRENKE Open 2019"]
[Site "Karlsruhe"]
[Date "2019.04.19"]
[Round "3.61"]
[White "Carstens, Andreas"]
[Black "Parvanyan, Ashot"]
[Result "0-1"]
[WhiteElo "2160"]
[BlackElo "2409"]
[Annotator "ChessBase"]
[PlyCount "98"]
[EventDate "2019.04.18"]
[EventType "swiss"]
[EventCountry "GER"]
[SourceTitle "playchess.com"]
[Source "ChessBase"]
[SourceQuality "1"]

1. e4 e6 2. d4 d5 3. Nd2 Nf6 4. e5 Nfd7 5. c3 c5 6. Bd3 Nc6 7. Ne2 cxd4 8. cxd4 f6 9. exf6 Nxf6 10. Nf3 Bd6 11. O-O Qc7 12. h3 O-O 13. Be3 Bd7 14. Rc1 Be8 15. Ng5 Qe7 16. f4 Nb4 17. Bb1 Ne4 18. Nxe4 dxe4 19. Bxe4 Nxa2 20. Ra1 Nb4 21. Nc3 Bc6 22. Bxc6 Nxc6 23. Qb3 Kh8 24. Rae1 Rac8 25. d5 exd5 26. Qxd5 Nb4 27. Qe4 a6 28. Qxe7 Bxe7 29. Bd4 Bd6 30. Ne4 Bb8 31. Ng5 Nc2 32. Bc3 Nxe1 33. Rxe1 Bxf4 34. Ne6 Rxc3 35. bxc3 Re8 36. Rd1 Be3+ 37. Kf1 h6 38. Nc7 Rf8+ 39. Ke2 Bb6 40. Nd5 Bc5 41. g4 Kh7 42. Rb1 Rd8 43. c4 b5 44. Nc7 bxc4 45. Nxa6 Bd4 46. Rb7 Bf6 47. Nb4 Bc3 48. Rb5 Rd2+ 49. Ke3 Rb2 0-1

[Event "4th GRENKE Open 2019"]
[Site "Karlsruhe"]
[Date "2019.04.19"]
[Round "3.62"]
[White "Schlenker, Joerg"]
[Black "Sawlin, Leonid"]
[Result "1/2-1/2"]
[WhiteElo "2153"]
[BlackElo "2402"]
[Annotator "ChessBase"]
[PlyCount "109"]
[EventDate "2019.04.18"]
[EventType "swiss"]
[EventCountry "GER"]
[SourceTitle "playchess.com"]
[Source "ChessBase"]
[SourceQuality "1"]

1. d4 e6 2. Nc3 d5 3. Bf4 Bd6 4. Qd2 Nf6 5. f3 c5 6. dxc5 Bxc5 7. O-O-O Nc6 8. e4 d4 9. Bb5 Qa5 10. Bxc6+ bxc6 11. Nb1 Qxa2 12. Ne2 O-O 13. Nxd4 Qa6 14. Nb3 Bb6 15. Qc3 Qa4 16. Be5 Ne8 17. Bd4 f6 18. Nc5 Qa2 19. Nb3 Qa4 20. Nc5 Qa2 21. Nb3 Qa4 22. Bxb6 axb6 23. Rd4 Qb5 24. Rb4 Qg5+ 25. N1d2 Qxg2 26. Rd1 Qxh2 27. Qxc6 Nc7 28. Rc4 Rf7 29. Qxb6 h5 30. Kb1 h4 31. e5 Nd5 32. Qc6 Rb8 33. exf6 Bd7 34. Qc5 Rc8 35. Qa5 Rxf6 36. Rxc8+ Bxc8 37. Ne4 Rf5 38. Qa8 Qc7 39. Nd4 Rf8 40. Qa3 h3 41. Ng5 Nf4 42. Qe3 Qe7 43. Ne4 Qh4 44. Rh1 Bb7 45. Nd6 Bd5 46. c4 Qh7+ 47. Ka2 Ng2 48. Qc3 Ra8+ 49. Kb3 Rb8+ 50. Ka2 e5 51. N4f5 Ra8+ 52. Kb3 Rb8+ 53. Ka2 Ra8+ 54. Kb3 Rb8+ 55. Ka2 1/2-1/2

[Event "4th GRENKE Open 2019"]
[Site "Karlsruhe"]
[Date "2019.04.19"]
[Round "3.63"]
[White "Kuerschner, Matthias"]
[Black "Menezes, Christoph"]
[Result "0-1"]
[WhiteElo "1955"]
[BlackElo "2399"]
[Annotator "ChessBase"]
[PlyCount "108"]
[EventDate "2019.04.18"]
[EventType "swiss"]
[EventCountry "GER"]
[SourceTitle "playchess.com"]
[Source "ChessBase"]
[SourceQuality "1"]

1. e4 c5 2. c4 Nc6 3. Ne2 g6 4. d4 cxd4 5. Nxd4 Bg7 6. Be3 Nf6 7. Nc3 O-O 8. Be2 d6 9. O-O Bd7 10. Rc1 a6 11. Qd2 Rc8 12. f3 Re8 13. Nd5 Ne5 14. Rc2 Bc6 15. Rfc1 Ned7 16. b3 Nf8 17. Bf1 Bd7 18. Ne2 Bc6 19. Nd4 N6d7 20. Ne2 b6 21. Nec3 Rb8 22. Nb4 Bb7 23. Nbd5 e6 24. Nf4 Ne5 25. Nd3 Nc6 26. Qf2 Ba8 27. Nf4 Nd7 28. Nfe2 Qe7 29. Rd1 Red8 30. Nd4 Nce5 31. Qd2 f6 32. Qc1 Kh8 33. Qa3 Bb7 34. Qc1 Rg8 35. Bh6 Bxh6 36. Qxh6 g5 37. Qh3 g4 38. fxg4 Nxg4 39. Be2 Nde5 40. Bxg4 Nxg4 41. Qd3 f5 42. Nf3 Qg7 43. Re2 Rbf8 44. h3 Nf6 45. Qxd6 Nxe4 46. Nxe4 fxe4 47. Ne1 Qf6 48. Rdd2 e3 49. Rxe3 Rd8 50. Qb4 a5 51. Qxb6 Rxd2 52. Rxe6 Rdxg2+ 53. Nxg2 Rxg2+ 54. Kh1 Qf1+ 0-1

[Event "4th GRENKE Open 2019"]
[Site "Karlsruhe"]
[Date "2019.04.19"]
[Round "3.64"]
[White "Ziegenfuss, Antonia"]
[Black "Domingo Nunez, Alejandro"]
[Result "1/2-1/2"]
[WhiteElo "1945"]
[BlackElo "2396"]
[Annotator "ChessBase"]
[PlyCount "71"]
[EventDate "2019.04.18"]
[EventType "swiss"]
[EventCountry "GER"]
[SourceTitle "playchess.com"]
[Source "ChessBase"]
[SourceQuality "1"]

1. d4 Nf6 2. c4 e6 3. Nc3 Bb4 4. f3 c5 5. d5 exd5 6. cxd5 d6 7. e4 O-O 8. Bd3 Re8 9. Nge2 Nbd7 10. O-O a6 11. Bg5 h6 12. Bh4 Ne5 13. f4 Ng6 14. Bxf6 Qxf6 15. e5 dxe5 16. f5 Nf4 17. Nxf4 exf4 18. Rxf4 b5 19. Kh1 c4 20. Bc2 Bxc3 21. bxc3 Qxc3 22. f6 g5 23. Rc1 Qe3 24. Rf1 Re5 25. Qh5 g4 26. Qxe5 Qxe5 27. Rce1 Qxe1 28. Rxe1 Bd7 29. Re5 Rc8 30. Kg1 Rc5 31. Rh5 Bc6 32. Rxh6 Bxd5 33. Bh7+ Kf8 34. Bf5 Kg8 35. Bh7+ Kf8 36. Bf5 1/2-1/2

[Event "4th GRENKE Open 2019"]
[Site "Karlsruhe"]
[Date "2019.04.19"]
[Round "3.65"]
[White "Bacrot, Etienne"]
[Black "Schumann, Oliver"]
[Result "1-0"]
[WhiteElo "2683"]
[BlackElo "1894"]
[Annotator "TA"]
[PlyCount "43"]
[EventDate "2019.04.18"]
[EventType "swiss"]
[EventCountry "GER"]
[SourceTitle "playchess.com"]
[Source "ChessBase"]
[SourceQuality "1"]

1. Nf3 c5 2. b3 Nc6 3. Bb2 e6 4. e3 Nf6 5. d4 Qc7 6. a3 b6 7. Bd3 Bb7 8. Nbd2 cxd4 9. exd4 d5 10. O-O Bd6 11. Qe2 Ne7 12. Ne5 a6 13. f4 O-O 14. Rf3 Rfd8 15. Rh3 g6 16. Ndf3 Nf5 17. Ng5 Rf8 18. g4 Ng7 19. Rh6 Ne4 20. Nxh7 Be7 21. Qe3 Rfc8 22. Qh3 1-0

[Event "4th GRENKE Open 2019"]
[Site "Karlsruhe"]
[Date "2019.04.19"]
[Round "3.66"]
[White "Banusz, Tamas"]
[Black "Bluebaum, Karl-Ernst"]
[Result "1-0"]
[WhiteElo "2614"]
[BlackElo "2266"]
[Annotator "ChessBase"]
[PlyCount "101"]
[EventDate "2019.04.18"]
[EventType "swiss"]
[EventCountry "GER"]
[SourceTitle "playchess.com"]
[Source "ChessBase"]
[SourceQuality "1"]

1. Nf3 d5 2. g3 Nf6 3. Bg2 c6 4. c4 Bg4 5. Ne5 Be6 6. cxd5 Bxd5 7. Nf3 c5 8. Nc3 Bc6 9. O-O e6 10. Qc2 Nbd7 11. e4 e5 12. d3 g6 13. a3 a5 14. a4 Bg7 15. Nd2 O-O 16. Nc4 b6 17. f4 exf4 18. gxf4 Ng4 19. e5 Bxg2 20. Qxg2 Qh4 21. Bd2 Nh6 22. Nd6 Qg4 23. Qxg4 Nxg4 24. h3 Ngxe5 25. fxe5 Nxe5 26. Bg5 f6 27. Bh4 Rad8 28. Nc4 Nxc4 29. dxc4 Rd4 30. Bg3 Rxc4 31. Rf4 Rxf4 32. Bxf4 Re8 33. Rd1 g5 34. Bc7 Re6 35. Rd8+ Kf7 36. Rb8 f5 37. Bxb6 Bxc3 38. bxc3 Re4 39. Rc8 Rxa4 40. Rxc5 Ra1+ 41. Kg2 a4 42. Rxf5+ Kg6 43. Ra5 Ra2+ 44. Kg3 Rc2 45. Bd4 h5 46. Rxa4 h4+ 47. Kf3 Rh2 48. Be5 Rc2 49. Ra6+ Kf5 50. Bd4 Rh2 51. Rf6# 1-0